| 000 | 00383nam a2200157Ia 4500 | ||
|---|---|---|---|
| 008 | 210210b1982 xxu||||| |||| 00| 0 eng d | ||
| 020 | _a0023988509 | ||
| 082 | _a575.1 REDG | ||
| 100 | _aREDEI, George P | ||
| 245 | _aGenetics | ||
| 260 |
_aNew York _bMacmillan Publishing Co Inc _c1982 |
||
| 300 | _axii, 736, A36 | ||
| 650 | _aGenetics | ||
| 690 | _aGenetics | ||
| 906 | _a035840 | ||
| 999 |
_c86642 _d86642 |
||